Patanjali’s Yoga Sutras (Record no. 365492)

MARC details
000 -LEADER
fixed length control field 00356 a2200145 4500
005 - DATE AND TIME OF LATEST TRANSACTION
control field 20250717124013.0
008 - FIXED-LENGTH DATA ELEMENTS--GENERAL INFORMATION
fixed length control field 250717b |||||||| |||| 00| 0 eng d
020 ## - INTERNATIONAL STANDARD BOOK NUMBER
International Standard Book Number 9789389567359
041 ## - LANGUAGE CODE
Language code of text/sound track or separate title English
100 ## - MAIN ENTRY--PERSONAL NAME
Author Vivekananda S.
245 ## - TITLE STATEMENT
Title Patanjali’s Yoga Sutras
260 ## - PUBLICATION, DISTRIBUTION, ETC.
Name of publisher, distributor, etc. Fingerprint Classics
Date of publication, distribution, etc. 2022
300 ## - PHYSICAL DESCRIPTION
Extent 160
942 ## - ADDED ENTRY ELEMENTS (KOHA)
Koha item type Books
Holdings
Withdrawn status Lost status Source of classification or shelving scheme Damaged status Not for loan Home library Current library Date acquired Vendor Net Price Total Checkouts Full call number Barcode Date due Date last seen Date last checked out Actual Price Bill Date Koha item type
    Dewey Decimal Classification     Cummins College of Engineering for Women Pune Cummins College of Engineering for Women Pune 12/03/2025 115 149.25 6 881.75 VIV CCEP-BK-68636 10/04/2026 27/03/2026 27/03/2026 199.00 12/03/2025 Books